000
00213 a2200097 4500
001
45666
100
_a
Chauer G
245
_a
Troilus and cressida
260
_a
Chicago
_b
William Benton
_c
090
_c
28843
_d
28843
942
_a
NUST-CAE
_c
M
_c
20939
999
_c
280739
_d
280739